logo

Bir Sreshtho Munshi Abdur Rouf Library
Jhenaidah Cadet College

The struggle for mastery in Europe 1848-1918 / (Record no. 7593)

MARC details
000 -LEADER
fixed length control field 01015nam a2200337 a 4500
001 - CONTROL NUMBER
JCCL Control Number 7593
003 - CONTROL NUMBER IDENTIFIER
JCCL marc code BD-JhCC
005 - DATE AND TIME OF LATEST TRANSACTION
control field 20180212094600.0
008 - FIXED-LENGTH DATA ELEMENTS--GENERAL INFORMATION
fixed length control field 020607r19921971enk | |||1 ||eng|d
020 ## - INTERNATIONAL STANDARD BOOK NUMBER
International Standard Book Number 0198812701
029 ## - (OCLC)
OCLC library identifier R9221
035 ## - SYSTEM CONTROL NUMBER
system control number CONN250458
035 ## - SYSTEM CONTROL NUMBER
system control number (BD-JhCC)7593
035 ## - SYSTEM CONTROL NUMBER
system control number 898326
040 ## - CATALOGING SOURCE
Original cataloging agency BD-JhCC
Modifying agency BD-JhCC
041 ## - LANGUAGE CODE
Language code of Book eng
082 ## - DEWEY DECIMAL CLASSIFICATION NUMBER
Classification number 940.28
Author mark and Year TAY 1963
100 1# - MAIN ENTRY--PERSONAL NAME
Personal name Taylor, A. J. P.
Fuller form of name (Alan John Percivale),
Dates associated with a name 1906-1990.
245 14 - TITLE STATEMENT
Title The struggle for mastery in Europe 1848-1918 /
Statement of responsibility, etc by A.J.P. Taylor.
260 ## - PUBLICATION, DISTRIBUTION, ETC. (IMPRINT)
Place of publication, distribution, etc Oxford :
Name of publisher, distributor, etc Oxford University Press,
Date of publication, distribution, etc 1971
Date of manufacture (1992 [printing])
300 ## - PHYSICAL DESCRIPTION
Pagination xxxvi,638p ;
Dimensions 20cm.
500 ## - GENERAL NOTE
General note First published: 1954.
504 ## - BIBLIOGRAPHY, ETC. NOTE
Bibliography, etc Includes Index and Bibliography
650 ## - SUBJECT ADDED ENTRY--TOPICAL TERM
Topical term or geographic name as entry element Europe
651 #0 - SUBJECT ADDED ENTRY--GEOGRAPHIC NAME
Geographic name Europe
General subdivision History
Chronological subdivision 1848-1871.
651 #0 - SUBJECT ADDED ENTRY--GEOGRAPHIC NAME
Geographic name Europe
General subdivision History
Chronological subdivision 1871-1918.
651 #0 - SUBJECT ADDED ENTRY--GEOGRAPHIC NAME
Geographic name Europe
General subdivision Politics and government
Chronological subdivision 1848-1871.
651 #0 - SUBJECT ADDED ENTRY--GEOGRAPHIC NAME
Geographic name Europe
General subdivision Politics and government
Chronological subdivision 1871-1918.
942 ## - ADDED ENTRY ELEMENTS (KOHA)
Source of classification or shelving scheme Dewey Decimal Classification
Koha item type Books
Holdings
Source of classification or shelving scheme Damaged status Not for loan Home library Current library Shelving location Date of accession Total Checkouts Full call number Barcode Date last seen Copy number Koha item type
Dewey Decimal Classification     JCC Rouf Library JCC Rouf Library General Stacks 02/12/2018   940.28 TAY 1963 9785 02/12/2018 C-1 Books

JCC Library | Contacts | JCC Home

Last Update on 23 September 2017
Copyright @ 2017-2020 JCC Rouf Library
Rouf Library, Jhenidah Cadet College (JCC), Bangladesh